000
00287nam a2200109Ia 4500
005
20251222113741.0
008
251222s1900||||xx |||||||||||||| ||spa||
082
_a
DVD004/ Z64/2007
245
0
_a
Beowulf la leyenda
264
_b
Starkey, Steve. Zemeckis, Roberts. Rapke, Jack.
942
_c
DVD
999
_c
620
_d
620